Hammershoi i Dreyer / [coordinació: Marina Palà] Marina Palà]
ISBN:
978-84-9803-138-6
Descripción Física:
158 p. : il. ; 24 cm
Otros Autores:
Palà, Marina
MARC
| LEADER | 00000nam a2200000Ia 4500 | ||
|---|---|---|---|
| 001 | 18569 | ||
| 008 | 160829s2007 xx 000 0 cat d | ||
| 020 | |a 978-84-9803-138-6 | ||
| 080 | |a B-2-121 | ||
| 245 | |a Hammershoi i Dreyer / [coordinació: |b Marina Palà] | ||
| 260 | |a Barcelona : |b Diputació de Barcelona : |b Centre de Cultura Contemporània de Barcelona, |c 2007 | ||
| 300 | |a 158 p. : |b il. ; |c 24 cm | ||
| 590 | |a Catàleg de l'exposició presentada a Ordrupgaard entre l'1 de setembre de 2006 i el 7 de gener de 2007, i presentada al CCCB entre el 25 de gener i l'1 de maig de 2007. | ||
| 590 | |a Resums dels textos en castellà i anglès | ||
| 650 | |a Hammershoi, Vilhelm |x Exposicions |9 41452 | ||
| 650 | |a Dreyer, Carl Theodor |x Exposicions |9 41453 | ||
| 700 | 1 | |a Palà, Marina |9 41454 | |
| 710 | 2 | |a Centre de Cultura Contemporània de Barcelona |9 52510 | |
| 710 | 1 | |a Barcelona (Catalunya : Província). |b Diputació |9 52408 | |
| 901 | |a Arxiu | ||
| 942 | |n 1 | ||
| 952 | |0 0 |1 0 |4 0 |6 B2121 |7 1 |9 50215 |a Arxiu |b Arxiu |d 2016-12-01 |l 0 |o B-2-121 |p 18569 |r 2016-12-01 00:00:00 |w 2016-12-01 |y ARXIU | ||
| 999 | |c 54057 |d 54057 | ||